000 00528nam a2200205Ia 4500
005 20250326141130.0
008 250326s9999 xx 000 0 und d
020 _a1-55786-930-8
037 _aTextbook
040 _aFMSL
_beng
_cFMSL
041 _aeng
_2eng
084 _aX:8D N6
_qFMSL
100 _aKolb R W
_9295697
245 0 _aFicial derivatives
_cKolb R W
250 _aEd 2nd
260 _aUSA
_bUSA, Blackwell Business
_c1996
300 _a261p
942 _cTB
_hX:8D N6
999 _c1288846
_d1288846